Prof. G Ram Reddy Library

The Europa world of learning 2007 (Record no. 76473)

MARC details
000 -LEADER
fixed length control field 00519nam a2200193Ia 4500
003 - CONTROL NUMBER IDENTIFIER
control field LDD
008 - FIXED-LENGTH DATA ELEMENTS--GENERAL INFORMATION
fixed length control field 181029s9999 xx 000 0 und d
020 ## - INTERNATIONAL STANDARD BOOK NUMBER
International Standard Book Number 9781857434
Terms of availability P 480.00
040 ## - CATALOGING SOURCE
Transcribing agency LDD
245 #4 - TITLE STATEMENT
Title The Europa world of learning 2007
250 ## - EDITION STATEMENT
Edition statement 57th ed.
260 ## - PUBLICATION, DISTRIBUTION, ETC.
Place of publication, distribution, etc. London
Name of publisher, distributor, etc. Routledge
Date of publication, distribution, etc. 2006
300 ## - PHYSICAL DESCRIPTION
Extent V.I A-M, V
365 ## - TRADE PRICE
Price amount P 480.00
901 ## - LOCAL DATA ELEMENT A, LDA (RLIN)
a 3507
b 21-11-2006
902 ## - LOCAL DATA ELEMENT B, LDB (RLIN)
a IN2458
b 21-11-2006
c F
d SB
e 0
903 ## - LOCAL DATA ELEMENT C, LDC (RLIN)
a Discount-10
b Reqst by : Dr.( Mrs.)Neela Jagannathan
942 ## - ADDED ENTRY ELEMENTS (KOHA)
Source of classification or shelving scheme Dewey Decimal Classification
Koha item type Books
Holdings
Withdrawn status Lost status Source of classification or shelving scheme Materials specified (bound volume or other part) Damaged status Not for loan Home library Current library Total Checkouts Full call number Barcode Date last seen Cost, replacement price Price effective from Koha item type
No   Dewey Decimal Classification 01-Feb     Library and Documentation Division Library and Documentation Division   378.0025 Eu74 059801 11/01/2018 40804.80 11/01/2018 Books

© Prof. G Ram Reddy Centre Library, Indira Gandhi National Open University, Maidan Garhi, New Delhi, 110068
+91-011-29532797 | FAX+91-011-29533393 |